| 000 | 00768nmc a2200289 a 4500 | ||
|---|---|---|---|
| 003 | AR-X00000XY | ||
| 005 | 20251128212002.0 | ||
| 008 | 277020s2005 ||||||||||||||000 | spa|| | ||
| 020 | _a987-1233-03-5 | ||
| 040 | _cAR-X00000XY | ||
| 100 | 1 | _aBialet, Graciela | |
| 245 | 1 | 0 | _aHada desencantada busca príncipe encantador |
| 250 | _a1ª ed. | ||
| 260 |
_aCórdoba _bEducando Ediciones _c2005 |
||
| 300 | 0 | _a15 p. | |
| 490 | 0 | _aHistorias para colgar | |
| 650 | 4 | _aLIBROS PARA NINOS | |
| 650 | 4 | _aCUENTO INFANTIL | |
| 650 | 4 | _aCUENTOS DE HADAS | |
| 650 | 4 | _aCUENTOS DE AVENTURAS | |
| 650 | 4 | _aLITERATURA INFANTIL | |
| 655 | _aLITERATURA | ||
| 700 | 1 |
_aMenéndez, Liliana _eilustrador |
|
| 800 | 1 | _aBialet, Graciela | |
| 942 | _cBK | ||
| 998 | _cNancy | ||
| 999 |
_c21913 _d21913 |
||